000 00441nam a22001577a 4500
008 231009b |||||||| |||| 00| 0 eng d
082 _a330.092
_bSOB
100 _aMuhammad Soban
245 _aWho is Who & What is What
260 _aPakistan
_bCaravan Book House
_c2015
300 _a431
500 _aObjective Questions in islamic studies are in Urdu Language.pages-46.
650 _aSocial Scieces
700 _aM.Soban
999 _c33806
_d33806